=LDR 00000nam 2200000 4500 =001 INLIS000000000033520 =005 20250121023140 =035 ##$$a 0010-061300000033520 =007 ta =008 250121################g##########0#ind## =020 ##$$a 979-456-256-4 =082 ##$$a 546.6 =084 ##$$a 546.6 KAT m =100 ##$$a Katili, Irwan =245 1#$$a Metode elemen hingga untuk pelat lentur /$c Irwan Katili; penyunting, Sugiartha Sriwibawa =260 ##$$a Jakarta :$b Universitas Indonesia,$c 2003 =300 ##$$a xxix,320 hlm, : $b Ilus, ; $c 26 x21 cm =650 #4$$a Elemen Pelat =700 #$$a Sriwibawa, Sugiartha =990 ##$$a 00560056 =990 ##$$a 21005910 =990 ##$$a 19171917 =990 ##$$a 21005909 =990 ##$$a 21005910 =990 ##$$a 19181918 =990 ##$$a 21005911 =990 ##$$a 21005910 =990 ##$$a 21005909 =990 ##$$a 19191919 =990 ##$$a 21005912 =990 ##$$a 21005912 =990 ##$$a 21005910 =990 ##$$a 21005910 =990 ##$$a 21005909 =990 ##$$a 21005909 =990 ##$$a 21005911 =990 ##$$a 21005911